Jesús González Ortega, defensor de la patria. (Record no. 79491)
[ view plain ]
| 000 -LEADER | |
|---|---|
| fixed length control field | 01040cam a2200217 4500 |
| 008 - FIXED-LENGTH DATA ELEMENTS--GENERAL INFORMATION | |
| fixed length control field | 081207n1981 mx a 000 0 spa u |
| 245 00 - TITLE STATEMENT | |
| Title | Jesús González Ortega, defensor de la patria. |
| 260 ## - PUBLICATION, DISTRIBUTION, ETC. (IMPRINT) | |
| Place of publication, distribution, etc | Saltillo, Coahuila, México : |
| Name of publisher, distributor, etc | Colegio Coahuilense de Investigaciones Históricas, |
| Date of publication, distribution, etc | 1981 |
| 300 ## - PHYSICAL DESCRIPTION | |
| Extent | 94, 138 p. : |
| Other physical details | il. ; |
| Dimensions | 22 cm. |
| 504 ## - BIBLIOGRAPHY, ETC. NOTE | |
| Bibliography, etc | Bibliografía: p. 93-94 (primera parte) |
| 505 ## - FORMATTED CONTENTS NOTE | |
| Formatted contents note | pt. 1. Parte general rendido al Supremo Gobierno de la Nación / Jesús González Ortega -- pt. 2. El Sitio de Puebla en 1863 / Luis Chávez Orozco |
| 590 ## - LOCAL NOTE (RLIN) | |
| Local note | Proyecto PIFI 2005 |
| 600 1# - SUBJECT ADDED ENTRY--PERSONAL NAME | |
| Personal name | González Ortega, Jesús, |
| Dates associated with a name | 1822-1881 |
| 651 #4 - SUBJECT ADDED ENTRY--GEOGRAPHIC NAME | |
| Geographic name | México |
| General subdivision | Historia |
| -- | Intervención y segundo imperio, 1861-1867 |
| 651 #4 - SUBJECT ADDED ENTRY--GEOGRAPHIC NAME | |
| Geographic name | Sitio de Puebla, 1863 |
| 700 1# - ADDED ENTRY--PERSONAL NAME | |
| Personal name | González Ortega, Jesús, |
| Dates associated with a name | 1822-1881. |
| Title of a work | Parte general rendido al Supremo Gobierno de la Nación. |
| Date of a work | 1981 |
| 700 1# - ADDED ENTRY--PERSONAL NAME | |
| Personal name | Chávez Orozco, Luis, |
| Dates associated with a name | 1901-1966. |
| Title of a work | El sitio de Puebla en 1863. |
| Date of a work | 1981 |
| 942 ## - ADDED ENTRY ELEMENTS (KOHA) | |
| Source of classification or shelving scheme | Biblioteca del Cogreso de los Estados Unidos |
| Koha item type | Libro |
| Estado de pérdida | Fuente de clasificación | Estado del daño | No para préstamo | Ubicación permanente | Ubicación actual | Apartado o colección | Fecha de adquisición | Edición | Dependencia de educación superior (DES) | Área del conocimiento | Clasificación | Código de Barras | Date last seen | Número de copia | Tipo de recurso |
|---|---|---|---|---|---|---|---|---|---|---|---|---|---|---|---|
| Biblioteca del Cogreso de los Estados Unidos | Biblioteca del Instituto de Investigaciones Históricas | Biblioteca del Instituto de Investigaciones Históricas | General | 13/07/2017 | 1a ed. | Humanidades | Ciencias Sociales y Administrativas | F1233 J47 1981 | IIH000019322 | 13/07/2017 | C:1 | Libro |